00502nam a2200181Ia 4500008004100000020001800041082000800059100002300067245002300090250000600113260003900119300001400158500002400172650001000196942000700206952009000213999001700303230524s9999 xx 000 0 und d a9789382332299 bDEO aM.J.Deodhar942912 0aSpillway Clarified a1 aNew DelhibI.K.Internationalc2013 a"X,204p;" aQuantity Number: 1 aCivil cBK 00104070aTATCLbTATCLcGENd2023-05-24l0o DEOp54173r2023-05-24w2023-05-24yBK c57880d57880